Ο κύριος Μάνι : μυθιστόρημα
Αποθηκεύτηκε σε:
| Κύριος συγγραφέας: | |
|---|---|
| Άλλοι συγγραφείς: | |
| Μορφή: | Βιβλίο |
| Γλώσσα: | Greek |
| Δημοσίευση: |
Αθήνα :
Καστανιώτης,
1998
|
| Θέματα: | |
| Ετικέτες: |
Προσθήκη ετικέτας
Δεν υπάρχουν, Καταχωρήστε ετικέτα πρώτοι!
|
MARC
| LEADER | 00000nam a2200000 i 4500 | ||
|---|---|---|---|
| 001 | 1/14566 | ||
| 008 | 001206s1998 gre d | ||
| 020 | |a 960-03-2112-4 | ||
| 035 | |l 10065049 | ||
| 040 | |a GR-MY-UA |b gre |e aacr | ||
| 041 | 0 | |a gre | |
| 082 | 0 | |a 892.436 | |
| 100 | 1 | |a Joshua, A. B. | |
| 245 | 1 | 2 | |a Ο κύριος Μάνι : |b μυθιστόρημα / |c Α.Β. Γεόσουα ; μετάφραση από τα εβραϊκά Μάγκυ Κοέν |
| 260 | |a Αθήνα : |b Καστανιώτης, |c 1998 | ||
| 300 | |a 510 σ. | ||
| 650 | 0 | 0 | |a Israeli fiction. |
| 700 | 1 | |a Κοέν, Μάγκυ. |4 trl | |
| 852 | |a INST |b RHODES |e 20001206 |h 892.436 JOS |p 005400017441 |q 005400017441 |t BK |y 0 | ||
| 901 | |a BIBL4-2000-3 | ||
| 909 | |a Ρ |b 082243 | ||
| 922 | |a 4ΕΛΗ |b 200010 |c ΚΠΣ/124 |d ΠΑΠΑΣΩΤΗΡΙΟΥ | ||
| 970 | |a ΚΟΥΛΑΚΙΟΤΗ |b ΛΙΤΣΑ |z 2000/12/06 | ||